000
00307nam a22001457a 4500
008
181122b xxu||||| |||| 00| 0 eng d
020
_a
35376
041
_a
eng
080
_2
5 th
_a
573
082
_a
573
100
_a
11
101
_a
BIO
245
_a
Medical entomology
_c
Herms.W.B
942
_2
udc
_c
BK
999
_c
52378
_d
52378